| 000 | 00748nam a2200217 a 4500 | ||
|---|---|---|---|
| 001 | BRCA_112 | ||
| 005 | 20190320202901.0 | ||
| 008 | 840620s1984 paua---##b---#001-0#eng-# | ||
| 020 | _a9686492771 | ||
| 040 |
_aDLC _cDLC _dDLC |
||
| 050 | 4 |
_aNA756 _b.C48 1993 |
|
| 100 | 1 |
_aMarkman, Sidney David _d1911- _9435 |
|
| 245 | 1 | 0 |
_aArquitectura y urbanización en el Chiapas colonial _cSidney David Markman ; traducción Annabella Muñoa Rincón. |
| 260 |
_aChiapas _bGobierno del Estado de Chiapas _c1993 |
||
| 300 |
_a443 p. _bil. _c29 cm. |
||
| 500 | _aIncluye índice | ||
| 500 | _aLa primera edición fue realizada en inglés en 1984 | ||
| 504 | _aBibliografía: p. 299-304 | ||
| 650 | 1 | 4 |
_aArquitectura colonial _zChiapas (México) _9436 |
| 942 |
_2lcc _cB |
||
| 999 |
_c97 _d97 |
||